000 00380pam a2200157a 44500
008 230515b2013 xxu||||| |||| 00| 0 eng d
020 _a978-71-7012
041 _aENGLISH
082 _aYADAV.615.53
100 _aYADAV G. ACHARYA
245 _aCHARAKA-SAMHITA
250 _a2
260 _aVARANASI
_bCHAUKHAMBA PRAKASHAN
_c2013
300 _a738
650 _aCHARAKA-SAMHITA
999 _c499342
_d499342